Statistics for Quiz about North Korea-Multiple choice

Click here to take the quiz!

General Stats

  • This quiz has been taken 155 times
  • The average score is 12 of 22

Answer Stats

QuestionAnswer% Correct
What is the capital of North Korea?Pyongyang
92%
What is the official name of North Korea?Democratic People's Republic of Korea
85%
Which of the following does NOT border North Korea?Japan
83%
Who is North Korea's biggest trading partner?China
82%
Does North Korea claim to have a 100% literacy rate?Yes
79%
How many countries does North Korea border?3
70%
How many leaders has North Korea had so far?3
66%
Which celebrity is known for being friends with North Korea's leader?Dennis Rodman
66%
Where did Kim Jong-un meet Donald Trump?Singapore
62%
What is the currency of North Korea?North Korean Won
60%
Where did the leader of North Korea study?Switzerland
59%
Is the world biggest stadium in Pyongyang?Yes
59%
Which of the following films take place in North Korea?The Interview
58%
Where was Kim Jong-nam assassinated?Malaysia
46%
What country did North Korea gain independence from?Japan
45%
Which of the following has Kim Jong-un not visited?Iran
40%
Which of the following US presidents have visited North Korea at some point in their life?Bill Clinton
39%
Does Kim Jong-un like baseball?No
31%
Who is North Korea's biggest trading partner in Africa?Burkina Faso
30%
What do North Korean's call hamburgers?Hamburger ( duh )
26%
How many hairstyles are allowed in North Korea?28
24%
Who is technically the current leader of North Korea?Kim Il-sung
24%

Score Distribution

Percentile by Number Answered

Percent of People with Each Score

Your Score History

You have not taken this quiz